Genshin Impact 5* Claymores by Picture - Statistics

General Stats
  • This quiz has been taken 28 times
  • The average score is 6 of 9
Answer Stats
Picture Answer % Correct
Wolf's Gravestone
96%
Verdict
76%
Fang of the Mountain King
72%
Skyward Pride
72%
Song of Broken Pines
72%
Beacon of the Reed Sea
68%
Redhorn Stonethresher
68%
A Thousand Blazing Suns
60%
The Unforged
56%
No matching quizzes found
Score Distribution
Percent of People with Each Score
Percentile by Number Answered
Your Score History
You have not taken this quiz